[Event "Aeroflot Open A 2018"]
[Site "Moscow RUS"]
[Date "2018.02.25"]
[Round "6.44"]
[White "Kotronias, Vasilios"]
[Black "Bellaiche, Anthony"]
[Result "0-1"]
[WhiteTitle "GM"]
[BlackTitle "IM"]
[WhiteElo "2529"]
[BlackElo "2485"]
[WhiteFideId "5900212"]
[BlackFideId "615668"]
[EventDate "2018.02.20"]

1. e4 c5 2. Nf3 e6 3. d4 cxd4 4. Nxd4 Nc6 5. Nc3 Qc7 6. Be3 a6 7. Qf3 Ne5 8. Qg3
b5 9. O-O-O Nf6 10. f4 Neg4 11. Bg1 h5 12. e5 b4 13. Na4 Nd5 14. h3 Nh6 15. f5
Bb7 16. Bd3 Be7 17. Kb1 h4 18. Qe1 Qa5 19. b3 Nc3+ 20. Nxc3 bxc3 21. Bh2 Bg5 22.
Ka1 Rc8 23. Qf2 Bd5 24. Bf4 Qa3 25. Rb1 Rc5 26. Nb5 Rxb5 27. Bxb5 axb5 28. Bxg5
O-O 29. Bc1 Qa5 30. Qc5 Nxf5 31. a4 Ra8 32. Ba3 bxa4 33. Qxa5 Rxa5 34. b4 Rb5
35. Rhe1 Nd4 36. Rbc1 Bxg2 37. Re3 Rb8 38. b5 Nxb5 39. Bd6 Rc8 40. Rg1 Bd5 41.
Rg4 a3 42. Be7 a2 43. Rxh4 d6 44. Bxd6 f5 45. Ra4 Rc4 46. Rxc4 Bxc4 47. Be7 Kf7
48. Bg5 Ke8 49. h4 g6 50. Rf3 Bd5 51. Rd3 Kd7 52. Bd2 cxd2 53. c4 Nd6 54. exd6
Bxc4 55. Rxd2 Bd5 56. Rd1 f4 57. Rg1 f3 58. Rxg6 Be4 59. Rg4 e5 60. Rg1 Bd3 61.
Rg7+ Kxd6 62. Rf7 Be4 0-1

[Event "Aeroflot Open A 2018"]
[Site "Moscow RUS"]
[Date "2018.02.25"]
[Round "6.45"]
[White "Sargsyan, Shant"]
[Black "Belyakov, Bogdan"]
[Result "1/2-1/2"]
[WhiteTitle "IM"]
[BlackTitle "IM"]
[WhiteElo "2481"]
[BlackElo "2486"]
[WhiteFideId "13306766"]
[BlackFideId "24104795"]
[EventDate "2018.02.20"]

1. d4 Nf6 2. c4 g6 3. Nc3 Bg7 4. e4 d6 5. Nf3 O-O 6. Be2 e5 7. O-O Nc6 8. Be3
Ng4 9. Bg5 f6 10. Bh4 g5 11. Bg3 Nh6 12. dxe5 dxe5 13. c5 Be6 14. Qa4 g4 15. Bc4
Qe8 16. Nd2 Nd4 17. Qxe8 Raxe8 18. b4 Nf7 19. Rfd1 c6 20. Rab1 Bh6 21. Bxe6 Rxe6
22. Nc4 Bg5 23. Rd3 Re7 24. Kf1 Nd8 25. Ne2 Nxe2 26. Kxe2 Ne6 27. f3 h5 28. Kf1
Rd8 29. Rxd8+ Nxd8 30. Rd1 Ne6 31. Bf2 gxf3 32. gxf3 Bf4 33. h4 Bh6 34. a4 a6
35. Ke2 Nf4+ 36. Ke1 Ne6 37. Nd6 Rd7 38. Ne8 Rxd1+ 39. Kxd1 Bg7 40. Kc2 Nd8 41.
Kd3 Kf7 42. Nd6+ Ke6 43. Nf5 Bf8 44. Ng3 Kf7 45. Nxh5 Ne6 46. Kc4 Bh6 47. Ng3
Ng7 48. Kd3 Bf4 49. Ne2 Nh5 50. Nc3 Bg3 51. Bxg3 Nxg3 52. b5 axb5 53. axb5 Nh5
54. b6 Nf4+ 55. Kc4 Ne6 56. h5 Kg7 57. Nd5 Nd8 58. Ne3 Kh6 59. Ng4+ Kxh5 60.
Nxf6+ Kg5 61. Ne8 Kf4 62. Nd6 Kxf3 63. Kd3 Kf2 64. Kd2 1/2-1/2

[Event "Aeroflot Open A 2018"]
[Site "Moscow RUS"]
[Date "2018.02.26"]
[Round "7.1"]
[White "Lysyj, Igor"]
[Black "Kovalev, Vladislav"]
[Result "1/2-1/2"]
[WhiteTitle "GM"]
[BlackTitle "GM"]
[WhiteElo "2618"]
[BlackElo "2641"]
[WhiteFideId "4150120"]
[BlackFideId "13504398"]
[EventDate "2018.02.20"]

1. d4 Nf6 2. c4 g6 3. Nc3 Bg7 4. e4 d6 5. Nf3 O-O 6. Be2 e5 7. O-O exd4 8. Nxd4
Re8 9. f3 Nc6 10. Be3 Nh5 11. Nxc6 bxc6 12. Qd2 Qe7 13. Rae1 f5 14. Bd3 Qf7 15.
c5 f4 16. Bf2 Be5 17. cxd6 cxd6 18. b3 Be6 19. Rc1 g5 20. Ne2 c5 21. Bc4 a5 22.
Rfd1 Kh8 23. Nc3 Bxc4 24. bxc4 Re6 25. Nb5 Rg8 26. h3 Nf6 27. Kf1 h5 28. Ke2 a4 1/2-1/2

[Event "Aeroflot Open A 2018"]
[Site "Moscow RUS"]
[Date "2018.02.26"]
[Round "7.2"]
[White "Artemiev, Vladislav"]
[Black "Petrosian, Tigran L."]
[Result "1/2-1/2"]
[WhiteTitle "GM"]
[BlackTitle "GM"]
[WhiteElo "2697"]
[BlackElo "2589"]
[WhiteFideId "24101605"]
[BlackFideId "13301616"]
[EventDate "2018.02.20"]

1. Nf3 d5 2. c4 c6 3. g3 Nf6 4. Bg2 Bf5 5. cxd5 cxd5 6. Qb3 Nc6 7. Qxb7 Bd7 8.
Qb3 e5 9. O-O e4 10. Ne1 Rb8 11. Qd1 h5 12. d3 h4 13. Bf4 hxg3 14. Bxg3 Nh5 15.
dxe4 Nxg3 16. hxg3 Qf6 17. Nc3 Qh6 18. Nf3 Ne5 19. Re1 Bc5 20. e3 Bg4 21. Qa4+
Bd7 22. Qd1 Bg4 23. Qa4+ 1/2-1/2

[Event "Aeroflot Open A 2018"]
[Site "Moscow RUS"]
[Date "2018.02.26"]
[Round "7.3"]
[White "Tabatabaei, M.amin"]
[Black "Sasikiran, Krishnan"]
[Result "1-0"]
[WhiteTitle "IM"]
[BlackTitle "GM"]
[WhiteElo "2577"]
[BlackElo "2671"]
[WhiteFideId "12521213"]
[BlackFideId "5004985"]
[EventDate "2018.02.20"]

1. d4 d5 2. c4 c6 3. Nf3 Nf6 4. Nc3 e6 5. Bg5 h6 6. Bxf6 Qxf6 7. Qb3 Nd7 8. e4
dxe4 9. Nxe4 Qf4 10. Bd3 Nf6 11. Nxf6+ gxf6 12. Bc2 Bd7 13. g3 Qc7 14. O-O-O
O-O-O 15. c5 Kb8 16. Kb1 e5 17. Qc3 Bg4 18. dxe5 Bxc5 19. Qxc5 Bxf3 20. Rxd8+
Qxd8 21. Rc1 Bd5 22. Qe3 a6 23. Qf4 fxe5 24. Qxe5+ Ka8 25. Re1 f6 26. Qe3 Qg8
27. a3 Qg4 28. Qc3 Rf8 29. Re7 Qh3 30. Bd3 Qh5 31. Kc1 Qf3 32. Qd4 c5 33. Qe3
Qh1+ 34. Kc2 Qxh2 35. Qxc5 Qh5 36. Kc3 Qh1 37. Kb4 Rb8 38. Ka5 Qf3 39. Be2 Qb3
40. Qb6 Qxb6+ 41. Kxb6 Rc8 42. Rc7 Rd8 43. Bg4 Kb8 44. Rd7 Rxd7 45. Bxd7 Bf3 46.
b4 Be4 47. a4 Bf3 48. Bf5 Bg2 49. f4 Bf3 50. b5 axb5 51. axb5 Be2 52. Be4 Bf1
53. Kc5 Ka7 54. f5 h5 55. Kd6 Bxb5 56. Ke7 Bc4 57. Kxf6 b5 58. Ke7 Kb6 59. f6
Kc5 60. f7 Bxf7 61. Kxf7 Kd4 62. Bg6 b4 63. Kf6 Ke3 64. Kg5 Kf2 65. Kf4 1-0

[Event "Aeroflot Open A 2018"]
[Site "Moscow RUS"]
[Date "2018.02.26"]
[Round "7.4"]
[White "Matlakov, Maxim"]
[Black "Bologan, Victor"]
[Result "1/2-1/2"]
[WhiteTitle "GM"]
[BlackTitle "GM"]
[WhiteElo "2709"]
[BlackElo "2600"]
[WhiteFideId "4168003"]
[BlackFideId "13900048"]
[EventDate "2018.02.20"]

1. c4 Nf6 2. Nc3 e5 3. Nf3 Nc6 4. g3 Bb4 5. Bg2 Bxc3 6. bxc3 O-O 7. O-O h6 8. d3
e4 9. Nd4 Re8 10. Bf4 d6 11. Nxc6 bxc6 12. Qa4 c5 13. d4 Bg4 14. Rfe1 Nd7 15.
Qa5 g5 16. Bc1 Nb6 17. dxc5 Re5 18. Qa6 dxc5 19. Be3 Bc8 20. Qb5 Bd7 21. Qa6 Qe7
22. Qb7 Bc8 23. Qc6 Kg7 24. Rab1 Rb8 25. a4 a6 26. Red1 Bb7 27. Rxb6 Bxc6 28.
Rxb8 Qe6 29. Rdd8 Qxc4 30. Rg8+ Kf6 31. Rh8 Qxa4 32. h4 gxh4 33. Rxh6+ Ke7 34.
gxh4 Bb5 35. Rb7 Qa1+ 36. Kh2 Qxc3 37. Rxc7+ Kf8 38. Rh7 Rf5 39. Bh6+ Kg8 40.
Rg7+ Qxg7 41. Bxg7 Kxg7 42. Kg3 Bxe2 43. Bxe4 Re5 44. f3 Bc4 45. Kf4 Rh5 46. Kg4
Kh6 47. Bf5 Bd5 48. f4 a5 49. Bc2 a4 50. f5 a3 51. Bb1 a2 52. Bxa2 Bxa2 53. Rc6+
Be6 54. fxe6 Re5 55. exf7+ Kg7 56. Kf4 1/2-1/2

[Event "Aeroflot Open A 2018"]
[Site "Moscow RUS"]
[Date "2018.02.26"]
[Round "7.5"]
[White "Sargissian, Gabriel"]
[Black "Alekseenko, Kirill"]
[Result "1-0"]
[WhiteTitle "GM"]
[BlackTitle "GM"]
[WhiteElo "2677"]
[BlackElo "2609"]
[WhiteFideId "13300881"]
[BlackFideId "4135539"]
[EventDate "2018.02.20"]

1. d4 d5 2. c4 c6 3. Nf3 Nf6 4. Nc3 dxc4 5. a4 Bf5 6. e3 e6 7. Bxc4 Bb4 8. O-O
O-O 9. Qe2 Nbd7 10. e4 Bg6 11. Bd3 Bh5 12. e5 Nd5 13. Nxd5 cxd5 14. Qe3 Re8 15.
Bd2 Qa5 16. Qe1 Bxd2 17. Qxd2 Qd8 18. Ng5 Bg6 19. Be2 Qe7 20. Rfc1 Rec8 21. Nh3
Qd8 22. a5 Rxc1+ 23. Rxc1 Rc8 24. b4 Nb8 25. b5 a6 26. b6 Rxc1+ 27. Qxc1 Nc6 28.
Qc3 Qf8 29. Bxa6 Qa8 30. Bxb7 Qxb7 31. Kh1 h6 32. Ng1 f5 33. exf6 gxf6 34. h3
Be8 35. Ne2 Qb8 36. Nc1 Kf7 37. Nb3 Qa8 38. Qd3 f5 39. Qg3 Qd8 40. Qc3 Qa8 41.
Qe1 Nd8 42. Nc5 Qb8 43. b7 Bb5 44. Qb4 Ba6 45. Nxa6 Qxb7 46. Qb6 Qxb6 47. axb6
Ke7 48. Nc5 Kd6 49. b7 Kc7 50. Kh2 f4 51. h4 h5 52. f3 Kb8 53. Kg1 Kc7 54. Kf2
Kb8 55. Ke2 Ka7 56. Kf2 Kb8 57. Nd3 Nc6 58. Nxf4 Nxd4 59. g4 Kxb7 60. gxh5 Nf5
61. Nxe6 Kc8 62. Nd4 1-0

[Event "Aeroflot Open A 2018"]
[Site "Moscow RUS"]
[Date "2018.02.26"]
[Round "7.6"]
[White "Korobov, Anton"]
[Black "Maghsoodloo, Parham"]
[Result "1-0"]
[WhiteTitle "GM"]
[BlackTitle "GM"]
[WhiteElo "2664"]
[BlackElo "2594"]
[WhiteFideId "14105730"]
[BlackFideId "12539929"]
[EventDate "2018.02.20"]

1. d4 Nf6 2. c4 g6 3. Nc3 d5 4. Bd2 Bg7 5. cxd5 Nxd5 6. e4 Nb6 7. Be3 O-O 8. Bb5
Be6 9. Nf3 Nc4 10. Bxc4 Bxc4 11. Qa4 Ba6 12. h4 h6 13. h5 g5 14. Nxg5 c5 15. Nf3
b5 16. Qd1 b4 17. Ne2 Nc6 18. d5 Na5 19. b3 Bxe2 20. Kxe2 Bxa1 21. Qxa1 Qd6 22.
Nh4 f6 23. Nf5 Qa6+ 24. Kf3 e6 25. Nxh6+ Kh7 26. g4 c4 27. Qb1 cxb3 28. axb3
Rac8 29. e5+ f5 30. gxf5 exf5 31. Nxf5 Rc3 32. Rd1 Qc8 33. e6 Rc2 34. Kg4 Nxb3
35. Qxb3 Rc3 36. Qb1 Qc4+ 37. Nd4+ Kh8 38. Qe4 Rg8+ 39. Kh3 Rg5 40. e7 Qc8+ 41.
Kh4 1-0

[Event "Aeroflot Open A 2018"]
[Site "Moscow RUS"]
[Date "2018.02.26"]
[Round "7.7"]
[White "Khalifman, Alexander"]
[Black "Sethuraman, S.P."]
[Result "1/2-1/2"]
[WhiteTitle "GM"]
[BlackTitle "GM"]
[WhiteElo "2614"]
[BlackElo "2646"]
[WhiteFideId "4100115"]
[BlackFideId "5021596"]
[EventDate "2018.02.20"]

1. d4 Nf6 2. c4 e6 3. g3 d5 4. Bg2 Be7 5. Nf3 O-O 6. O-O dxc4 7. Qc2 a6 8. a4 c5
9. dxc5 Bxc5 10. Nbd2 b5 11. axb5 Bb7 12. b6 Nbd7 13. Nxc4 Be4 14. Qd1 Nxb6 15.
Qxd8 Rfxd8 16. Nxb6 Bxb6 17. Ne5 1/2-1/2

[Event "Aeroflot Open A 2018"]
[Site "Moscow RUS"]
[Date "2018.02.26"]
[Round "7.8"]
[White "Karthikeyan, Murali"]
[Black "Gordievsky, Dmitry"]
[Result "1/2-1/2"]
[WhiteTitle "GM"]
[BlackTitle "GM"]
[WhiteElo "2585"]
[BlackElo "2630"]
[WhiteFideId "5074452"]
[BlackFideId "24112798"]
[EventDate "2018.02.20"]

1. e4 Nc6 2. Nf3 d6 3. h3 Nf6 4. Nc3 g6 5. d4 Bg7 6. Be3 O-O 7. Qd2 e5 8. dxe5
dxe5 9. O-O-O Qxd2+ 10. Rxd2 a6 11. a3 b6 12. g4 h6 13. g5 hxg5 14. Nxg5 Bb7 15.
Bc4 Rae8 16. h4 Nd4 17. Bxd4 exd4 18. Rxd4 b5 19. Ba2 Nh7 20. Rd7 Nxg5 21. hxg5
Be5 22. Nd5 Bc6 23. f4 Bxd5 24. Bxd5 Bxf4+ 25. Kb1 Bd6 26. Rf1 Re7 27. Rxe7 Bxe7
28. e5 Kg7 29. e6 1/2-1/2

[Event "Aeroflot Open A 2018"]
[Site "Moscow RUS"]
[Date "2018.02.26"]
[Round "7.9"]
[White "Romanov, Evgeny"]
[Black "Fedoseev, Vladimir3"]
[Result "1-0"]
[WhiteTitle "GM"]
[BlackTitle "GM"]
[WhiteElo "2621"]
[BlackElo "2724"]
[WhiteFideId "4148843"]
[BlackFideId "24130737"]
[EventDate "2018.02.20"]

1. c4 Nc6 2. Nc3 e6 3. g3 g5 4. d4 Bg7 5. d5 Ne5 6. dxe6 fxe6 7. Nf3 Nf7 8. h4
g4 9. Ng5 Ne5 10. f4 Nc6 11. e3 Nf6 12. Nge4 Nxe4 13. Nxe4 d5 14. Qxg4 O-O 15.
Ng5 Qe8 16. Qd1 h6 17. Nf3 Ne7 18. Kf2 c6 19. Bd2 e5 20. cxd5 Nxd5 21. Bc4 Kh8
22. h5 Bg4 23. Rh4 Nf6 24. Bc3 Rd8 25. Qc2 exf4 26. Ne5 Rd2+ 27. Bxd2 fxg3+ 28.
Kg2 Qxe5 29. Rf1 Qg5 30. Rhh1 Rd8 31. Bc3 b5 32. Qg6 Qxg6 33. hxg6 bxc4 34. Rxf6
Kg8 35. Rf7 Bxc3 36. bxc3 h5 37. Kxg3 Rd6 38. Rhf1 1-0

[Event "Aeroflot Open A 2018"]
[Site "Moscow RUS"]
[Date "2018.02.26"]
[Round "7.10"]
[White "Predke, Alexandr"]
[Black "Andreikin, Dmitry"]
[Result "1/2-1/2"]
[WhiteTitle "GM"]
[BlackTitle "GM"]
[WhiteElo "2595"]
[BlackElo "2712"]
[WhiteFideId "24107581"]
[BlackFideId "4158814"]
[EventDate "2018.02.20"]

1. e4 c5 2. Nf3 d6 3. d4 cxd4 4. Nxd4 Nf6 5. Nc3 a6 6. Nf3 Nc6 7. Bf4 Bg4 8. h3
Bxf3 9. Qxf3 Rc8 10. O-O-O Qa5 11. Kb1 Ne5 12. Qe3 g6 13. Nd5 Bg7 14. Bh6 Nxd5
15. exd5 Bxh6 16. Qxh6 Qa4 17. Qd2 Rc5 18. Be2 b5 19. b3 Qa3 20. f4 Nd7 21. Bf3
b4 22. Qc1 Qxc1+ 23. Kxc1 Nb6 24. Rd4 a5 25. Rhd1 O-O 26. R1d2 Rfc8 27. Kb2 Rc3
28. Re2 Kf8 29. h4 Nd7 30. h5 Nf6 31. hxg6 hxg6 32. Red2 R8c5 33. Bd1 Re3 34.
Bf3 Rec3 35. Bd1 Re3 36. Bf3 Rec3 37. Bd1 Nd7 38. Bf3 Nb6 39. Re2 Rc7 40. Rdd2
Kg7 41. Rd4 Kf6 42. Bg4 R7c5 43. Bf3 Na8 44. Red2 Nc7 45. Be2 Rg3 46. Bc4 Na8
47. Bd3 Nc7 48. Bc4 Na8 49. Bd3 Rg4 50. Rf2 Nb6 51. Be2 Rh4 52. Bf3 Kg7 53. Re2
Rc7 54. Red2 Rh8 55. Re2 Kf6 56. Rf2 Rc5 57. Rfd2 Rhc8 58. Bg4 R8c7 59. Bf3 Rc3
60. Re2 R7c5 61. Be4 Rc7 62. Bf3 Nc8 63. Be4 Nb6 1/2-1/2

[Event "Aeroflot Open A 2018"]
[Site "Moscow RUS"]
[Date "2018.02.26"]
[Round "7.11"]
[White "Mamedov, Rauf"]
[Black "Paravyan, David"]
[Result "1-0"]
[WhiteTitle "GM"]
[BlackTitle "GM"]
[WhiteElo "2709"]
[BlackElo "2603"]
[WhiteFideId "13401653"]
[BlackFideId "4194985"]
[EventDate "2018.02.20"]

1. Nf3 Nf6 2. g3 g6 3. b3 Bg7 4. Bb2 b6 5. e4 d6 6. Bg2 Bb7 7. d3 O-O 8. c4 c5
9. Nc3 Nc6 10. O-O e6 11. Re1 Nd7 12. Rb1 a6 13. a3 Nde5 14. Nxe5 Bxe5 15. b4
Qf6 16. Qd2 g5 17. bxc5 dxc5 18. Na4 Rad8 19. Bc1 h6 20. Rxb6 Ba8 21. Rxa6 Qe7
22. Bb2 Bxb2 23. Qxb2 Nd4 24. Qb6 Rc8 25. Ra7 Qd8 26. Qxd8 Rfxd8 27. Nb6 Rb8 28.
Nd7 Rbc8 29. Ne5 Nc6 30. Nxc6 Bxc6 31. Rd1 Ra8 32. Rc7 Be8 33. e5 Rxa3 34. Be4
Ba4 35. Rd2 Ra1+ 36. Kg2 Rb8 37. Rxc5 Rbb1 38. h3 Rh1 39. Ra5 Rag1+ 40. Kf3 Bd1+
41. Ke3 1-0

[Event "Aeroflot Open A 2018"]
[Site "Moscow RUS"]
[Date "2018.02.26"]
[Round "7.12"]
[White "Yuffa, Daniil"]
[Black "Inarkiev, Ernesto"]
[Result "1/2-1/2"]
[WhiteTitle "GM"]
[BlackTitle "GM"]
[WhiteElo "2521"]
[BlackElo "2684"]
[WhiteFideId "24131423"]
[BlackFideId "4162722"]
[EventDate "2018.02.20"]

1. d4 Nf6 2. c4 e6 3. g3 Bb4+ 4. Bd2 Qe7 5. Nf3 Nc6 6. Nc3 Bxc3 7. Bxc3 Ne4 8.
Rc1 O-O 9. Bg2 d6 10. d5 Nd8 11. Nd2 Nxc3 12. Rxc3 c5 13. dxe6 fxe6 14. Ne4 Nf7
15. O-O Rb8 16. Qd3 b6 17. f4 Bb7 18. Nd2 Bxg2 19. Kxg2 d5 20. cxd5 exd5 21. e4
dxe4 22. Qxe4 Rfe8 23. Qxe7 Rxe7 24. Kf3 Rbe8 25. Rd3 Nd8 26. Nc4 Nc6 27. Re3
Nd4+ 28. Kf2 Rxe3 29. Nxe3 Kf7 30. Re1 h6 31. h3 Re4 32. Nc2 Rxe1 33. Nxe1 Ke6
34. g4 Kd5 35. Ke3 c4 36. f5 b5 37. Ng2 Ke5 38. Nh4 Nc2+ 39. Kd2 Nb4 40. Ng6+
Kf6 41. Nf4 Nxa2 42. h4 Nb4 43. Kc3 a5 44. Nh5+ Kf7 45. Nf4 Kf6 46. Nh5+ Ke5 47.
Nxg7 Nd5+ 48. Kd2 Nf6 49. g5 Ne4+ 50. Kc2 hxg5 51. hxg5 Nxg5 52. b3 b4 53. bxc4
a4 54. Kb2 Kd6 55. f6 Kc5 56. Nf5 Nf7 57. Ne3 Kd4 58. Nc2+ Kxc4 59. Ne3+ Kd4 60.
Nc2+ Kc4 61. Ne3+ Kd4 62. Nc2+ Kc5 63. Ne3 Ne5 64. Kc2 Kd4 65. Nf5+ Kd5 66. Ne3+
Kd6 67. Kb2 Ke6 68. Kc2 Nc6 69. Kb2 Na5 70. Ka2 Nc6 71. Kb2 Ne5 72. Kc2 Nd7 73.
f7 Kxf7 74. Nd5 b3+ 75. Kb2 Ne5 76. Nb6 Nd3+ 77. Ka3 b2 78. Ka2 a3 79. Nc4 Ke6
80. Nxa3 Kd5 81. Kb1 Kc5 82. Nc2 Kc4 83. Ne1 Nxe1 84. Kxb2 1/2-1/2

[Event "Aeroflot Open A 2018"]
[Site "Moscow RUS"]
[Date "2018.02.26"]
[Round "7.13"]
[White "Najer, Evgeniy"]
[Black "Iniyan, P"]
[Result "1-0"]
[WhiteTitle "GM"]
[BlackTitle "IM"]
[WhiteElo "2683"]
[BlackElo "2460"]
[WhiteFideId "4118987"]
[BlackFideId "25002767"]
[EventDate "2018.02.20"]

1. d4 Nf6 2. c4 g6 3. Nc3 Bg7 4. e4 d6 5. Nf3 O-O 6. h3 e5 7. d5 Nh5 8. g3 Qe8
9. Be2 f5 10. exf5 gxf5 11. Nh4 Nf6 12. Rg1 Na6 13. Be3 Qe7 14. Qc2 Nb4 15. Qd2
c5 16. a3 f4 17. gxf4 Nh5 18. fxe5 Qxh4 19. e6 Nc6 20. Bxh5 Qxh5 21. Bh6 Nd4 22.
Rxg7+ Kh8 23. Rg3 Nf3+ 24. Rxf3 Rxf3 25. O-O-O Qg6 26. Re1 b6 27. Nb5 Ba6 28.
Nxd6 Rd3 29. Nf7+ Kg8 30. Qxd3 Qxd3 31. Rg1+ Qg6 32. Rxg6+ hxg6 33. Nd6 1-0

[Event "Aeroflot Open A 2018"]
[Site "Moscow RUS"]
[Date "2018.02.26"]
[Round "7.15"]
[White "Antipov, Mikhail Al."]
[Black "Piorun, Kacper"]
[Result "1/2-1/2"]
[WhiteTitle "GM"]
[BlackTitle "GM"]
[WhiteElo "2598"]
[BlackElo "2659"]
[WhiteFideId "4107012"]
[BlackFideId "1130420"]
[EventDate "2018.02.20"]

1. Nf3 Nf6 2. g3 g6 3. c4 Bg7 4. Bg2 O-O 5. O-O c5 6. Nc3 Nc6 7. d3 d5 8. cxd5
Nxd5 9. Bd2 Nc7 10. Qc1 b6 11. Bh6 Bb7 12. Bxg7 Kxg7 13. Ne5 1/2-1/2

[Event "Aeroflot Open A 2018"]
[Site "Moscow RUS"]
[Date "2018.02.26"]
[Round "7.16"]
[White "Mareco, Sandro"]
[Black "Yakubboev, Nodirbek"]
[Result "1/2-1/2"]
[WhiteTitle "GM"]
[BlackTitle "IM"]
[WhiteElo "2632"]
[BlackElo "2462"]
[WhiteFideId "112275"]
[BlackFideId "14203987"]
[EventDate "2018.02.20"]

1. c4 e6 2. Nf3 Nf6 3. Nc3 Bb4 4. Qb3 c5 5. g3 Nc6 6. Bg2 d5 7. O-O O-O 8. d3 h6
9. e3 b6 10. Ne2 Ba6 11. Qa4 Qc8 12. Qc2 Rd8 13. b3 e5 14. a3 e4 15. dxe4 dxe4
16. Nh4 Ba5 17. f3 b5 18. fxe4 bxc4 19. b4 cxb4 20. axb4 Bb6 21. Nf5 Bb5 22. Nc3
Qe6 23. Nxb5 Qe5 24. Qxc4 Rac8 25. Nbd6 Rxd6 26. Nxd6 Qxd6 27. b5 Ne7 28. Qb3
Ng6 29. Ra2 Ne5 30. Rc2 Re8 31. Rd2 Qc7 32. Bb2 Qc4 33. Qxc4 Nxc4 34. Re2 Nxe3
35. Bxf6 1/2-1/2

[Event "Aeroflot Open A 2018"]
[Site "Moscow RUS"]
[Date "2018.02.26"]
[Round "7.17"]
[White "Zvjaginsev, Vadim"]
[Black "Xu, Xiangyu"]
[Result "0-1"]
[WhiteTitle "GM"]
[BlackTitle "GM"]
[WhiteElo "2629"]
[BlackElo "2545"]
[WhiteFideId "4113403"]
[BlackFideId "8608288"]
[EventDate "2018.02.20"]

1. g3 d5 2. Bg2 e5 3. c4 dxc4 4. Qa4+ c6 5. Qxc4 Be6 6. Qc2 g6 7. Nf3 Bg7 8. O-O
Ne7 9. Nc3 O-O 10. b3 c5 11. Ba3 Na6 12. Ng5 Bf5 13. Qd1 h6 14. Nge4 b6 15. e3
Nb4 16. Bxb4 cxb4 17. Na4 Rc8 18. d3 b5 19. Nb2 Nd5 20. a4 Nc3 21. Qe1 bxa4 22.
bxa4 Qd7 23. f3 Be6 24. Nd2 f5 25. Bh3 h5 26. Rf2 g5 27. Bf1 f4 28. Ne4 g4 29.
fxg4 hxg4 30. Ng5 Bd5 31. Nc4 f3 32. Nb2 Rc7 33. e4 Bb3 34. h4 Bf6 35. Rd2 Qd4+
36. Qf2 Rd8 0-1

[Event "Aeroflot Open A 2018"]
[Site "Moscow RUS"]
[Date "2018.02.26"]
[Round "7.19"]
[White "Sychev, Klementy"]
[Black "Bluebaum, Matthias"]
[Result "1/2-1/2"]
[WhiteTitle "IM"]
[BlackTitle "GM"]
[WhiteElo "2529"]
[BlackElo "2635"]
[WhiteFideId "4114060"]
[BlackFideId "24651516"]
[EventDate "2018.02.20"]

1. Nf3 d5 2. g3 Bg4 3. Bg2 c6 4. O-O Nd7 5. h3 Bxf3 6. Bxf3 e5 7. d3 Ngf6 8. e4
Bc5 9. Nc3 dxe4 10. Nxe4 Nxe4 11. dxe4 O-O 12. Qe2 a5 13. Rd1 Qe7 14. a4 Rfe8
15. Bd2 Nf8 16. h4 Ne6 17. c3 Ba7 18. Bg4 Rad8 19. Be1 Nc5 20. Qc4 Qf6 21. Kg2
g6 22. Rxd8 Rxd8 23. Rd1 Rd6 24. Be2 Qd8 25. Rxd6 Qxd6 26. Kf1 h5 27. Kg2 Kg7
28. Kg1 Qd8 29. Kg2 Kg8 30. b3 Kg7 31. Kh2 Kf8 32. Kg2 Ke7 33. Kf1 Qd6 34. Kg2
Kf6 35. Kf1 Kg7 36. Kg2 Qd7 37. Kh2 Qd8 38. Kg2 Qd6 39. Kf1 Bb6 40. b4 axb4 41.
a5 Bd8 42. cxb4 Ne6 43. b5 cxb5 44. Qxb5 Qc5 45. Qxc5 Nxc5 46. Bc4 Nxe4 47. Bd5
Nd6 48. Bb4 Bc7 49. Ke2 Kf6 50. Bxd6 Bxd6 51. Bxb7 Ke6 52. a6 Bc5 53. Bc6 f5 54.
Be8 Kf6 55. Bc6 1/2-1/2

[Event "Aeroflot Open A 2018"]
[Site "Moscow RUS"]
[Date "2018.02.26"]
[Round "7.20"]
[White "Goryachkina, Aleksandra"]
[Black "Zhigalko, Sergei"]
[Result "1/2-1/2"]
[WhiteTitle "WGM"]
[BlackTitle "GM"]
[WhiteElo "2493"]
[BlackElo "2625"]
[WhiteFideId "4147103"]
[BlackFideId "13502956"]
[EventDate "2018.02.20"]

1. d4 Nf6 2. c4 e6 3. Nf3 b6 4. g3 Ba6 5. b3 Bb4+ 6. Bd2 Be7 7. Nc3 O-O 8. Bg2
c6 9. e4 d5 10. exd5 cxd5 11. Ne5 Bb7 12. O-O Nc6 13. Bf4 Rc8 14. Rc1 Ba3 15.
Rc2 a6 16. Bg5 Be7 17. Bxf6 Bxf6 18. Nxc6 Bxc6 19. cxd5 exd5 20. Nxd5 Bxd5 21.
Rxc8 Qxc8 22. Bxd5 Qd7 23. Qf3 Rd8 24. Re1 Bxd4 1/2-1/2

[Event "Aeroflot Open A 2018"]
[Site "Moscow RUS"]
[Date "2018.02.26"]
[Round "7.21"]
[White "Nihal, Sarin"]
[Black "Aleksandrov, Aleksej"]
[Result "0-1"]
[WhiteTitle "IM"]
[BlackTitle "GM"]
[WhiteElo "2532"]
[BlackElo "2618"]
[WhiteFideId "25092340"]
[BlackFideId "13500139"]
[EventDate "2018.02.20"]

1. c4 e6 2. Nc3 d5 3. d4 Nf6 4. cxd5 exd5 5. Bg5 c6 6. e3 Be7 7. Bd3 O-O 8. Qc2
h6 9. Bh4 Nh5 10. Bxe7 Qxe7 11. Nge2 Nd7 12. g4 Nhf6 13. h3 c5 14. dxc5 Nxc5 15.
O-O-O Bd7 16. Kb1 Rfc8 17. Bf5 b5 18. Nf4 Na4 19. Ncxd5 Nxd5 20. Nxd5 Qe5 21.
Qe2 Bxf5+ 22. gxf5 Qxf5+ 23. e4 Qe6 24. Rc1 Rxc1+ 25. Rxc1 Rd8 26. Qd3 f5 27.
Rd1 Kh8 28. f3 fxe4 29. Qxe4 Qxh3 30. Rc1 Qg2 31. Rc2 Qg5 32. Nc3 Qg1+ 33. Rc1
Nxc3+ 34. bxc3 Qc5 35. Kb2 a5 36. Rc2 Rb8 37. Qd4 Qc7 38. Rg2 b4 39. c4 Rd8 40.
Qe4 a4 41. Rc2 Qb6 42. c5 Qf6+ 43. Kb1 b3 44. axb3 axb3 45. Rc1 Qa6 0-1

[Event "Aeroflot Open A 2018"]
[Site "Moscow RUS"]
[Date "2018.02.26"]
[Round "7.22"]
[White "Mikaelyan, Arman"]
[Black "Aravindh, Chithambaram VR."]
[Result "0-1"]
[WhiteTitle "GM"]
[BlackTitle "GM"]
[WhiteElo "2486"]
[BlackElo "2617"]
[WhiteFideId "13304852"]
[BlackFideId "5072786"]
[EventDate "2018.02.20"]

1. d4 g6 2. e4 Bg7 3. Nf3 d6 4. Bc4 Nf6 5. Qe2 O-O 6. O-O Bg4 7. e5 dxe5 8. dxe5
Nd5 9. Nbd2 c6 10. h3 Bf5 11. Nd4 Qc8 12. f4 Bd7 13. a4 Nb6 14. Bb3 c5 15. Nb5
Na6 16. c3 Be6 17. Bc2 Bf5 18. Bxf5 Qxf5 19. Ne4 Rfd8 20. a5 Nd5 21. Na3 Ndc7
22. Nc4 Rd5 23. Nf2 Rd7 24. Qf3 Qe6 25. b3 Rad8 26. Ne4 Rd3 27. Qe2 f5 28. Nf2
R3d7 29. Be3 Qc6 30. h4 Nd5 31. Bd2 Nac7 32. Qf3 Ne6 33. Nh3 Qb5 34. Rfb1 Ndc7
35. Qf2 Rd3 36. Ng5 Bh6 37. Ra2 Qa6 38. Rc2 b5 39. axb6 axb6 40. Re1 b5 41. Nb2
R3d7 42. Be3 Qa3 43. c4 Bxg5 44. hxg5 Qxb3 45. cxb5 Nxb5 46. Bxc5 Nxc5 47. Rxc5
Rd2 48. Re2 Qxb2 49. Rxd2 Rxd2 50. Rc8+ Kf7 51. Qh4 Ke6 52. Qxh7 Qd4+ 0-1